Палеомагнетизм нижнемеловых отложений Таджикской депрессии и вопросы стратиграфии и тектоники

Bibliografski detalji
Glavni autor: Абдуллаев Х. А.
Autor kompanije: Академия наук Узбекской ССР (АН УзССР) Институт сейсмологии
Daljnji autori: Ржевский Ю. С.
Sažetak:В работе приводятся результаты палеомагнитных исследований Таджикской депрессии. Выявленные локальные повороты масс горных пород и сдвиговые смещения отдельных структур подтвердили выводы, полученные по геологическим данным. Охарактеризованы ориентационная, вязкая, химическая и другие намагниченности, определено положение полюсов, продолжительность геомагнитных фаз и т. д. Книга рассчитана на геологов, геофизиков и физиков, занимающихся ферромагнетизмом, магнетизмом горных пород и палеомагнетизмом.
Jezik:ruski
Izdano: Ташкент, Фан, 1971
Teme:
Format: MixedMaterials Knjiga
KOHA link:https://koha.lib.tpu.ru/cgi-bin/koha/opac-detail.pl?biblionumber=348547

MARC

LEADER 00000nam0a2200000 4500
001 348547
005 20231102010122.0
035 |a (RuTPU)RU\TPU\retro\228 
090 |a 348547 
100 |a 20180226d1971 km y0rusy50 ca 
101 0 |a rus 
102 |a UZ 
105 |a a z 001zy 
200 1 |a Палеомагнетизм нижнемеловых отложений Таджикской депрессии и вопросы стратиграфии и тектоники  |f Х. А. Абдуллаев, Ю. С. Ржевский  |g Академия наук Узбекской ССР (АН УзССР), Институт сейсмологии 
210 |a Ташкент  |c Фан  |d 1971 
215 |a 104 с.  |c ил. 
316 |5 63413507: КР-6674  |a На переднем форзаце дарственная надпись: "[Александру] Акимовичу с искренними пожеланиями один гу авторов. Х. Абдуллаев. Ташкент, 1972 г." 
317 |5 63413507: КР-6674  |a Поступила в НТБ в 1987 г. в дар от вдовы ученого Е. К. Завадовской 
320 |a Библиогр.: с. 100-103 
330 |a В работе приводятся результаты палеомагнитных исследований Таджикской депрессии. Выявленные локальные повороты масс горных пород и сдвиговые смещения отдельных структур подтвердили выводы, полученные по геологическим данным. Охарактеризованы ориентационная, вязкая, химическая и другие намагниченности, определено положение полюсов, продолжительность геомагнитных фаз и т. д. Книга рассчитана на геологов, геофизиков и физиков, занимающихся ферромагнетизмом, магнетизмом горных пород и палеомагнетизмом. 
606 1 |a Магнитное поле Земли  |x (геофизика)  |2 stltpush  |3 (RuTPU)RU\TPU\subj\40790  |9 60621 
606 1 |a Меловые отложения  |2 stltpush  |3 (RuTPU)RU\TPU\subj\42061  |9 61820 
610 1 |a геологические характеристики 
610 1 |a разрезы 
610 1 |a магнитные минералы 
610 1 |a осадки 
610 1 |a обломочные породы 
610 1 |a намагниченность 
610 1 |a стабильность 
610 1 |a лабораторные исследования 
610 1 |a магнитное поле 
610 1 |a инверсии 
610 1 |a структуры 
610 1 |a горные породы 
610 1 |a библиотека А. А. Воробьева 
610 1 |a дары библиотеке 
610 1 |a дарственные надписи 
675 |a 550.38  |v 4 
675 |a 551.763  |v 4 
700 1 |a Абдуллаев  |b Х. А. 
701 1 |a Ржевский  |b Ю. С. 
712 0 2 |a Академия наук Узбекской ССР (АН УзССР)  |b Институт сейсмологии  |2 stltpush  |3 (RuTPU)RU\TPU\col\12809 
801 1 |a RU  |b 63413507  |c 20180226 
801 2 |a RU  |b 63413507  |c 20191101  |g RCR 
942 |c BK